000 005240000a22001810004500
003 MACL
005 20160410140528.0
008 160410b xxu||||| |||| 00| 0 eng d
040 _aMACL
_cMACL
041 _aHindi
082 _a658
100 _aरतनलाल गौरा
_951747
245 _aलघु एवं कुटीर उघोग
260 _bकल्‍पना पब्लिकेशन
_c2010
_aजयपुर
350 _a150
650 _aHome Sci.
_951714
942 _cHIN
_k658/GOR
_2ddc
999 _c45248
_d45248